Félúton. A sietségről

Elmentve itt :
Bibliográfiai részletek
Szerző: KÁNTOR Lajos
Adatforrás:Meister
Forrásdokumentuma:A Hét. -
35 sz., 1997, 9 p.
Nyelv:magyar
Kulcsszavak:politikai publicisztika
közigazgatás
magyarok (romániai)
kisebbségi kérdés
Románia
PRUTEANU George
LEADER 00481nab a2200181 i 4500
001 bibPRO00007195
008 060524s1997 xx hun
040 |a Sz1 
041 |a hun 
100 1 |a KÁNTOR Lajos 
245 1 0 |a Félúton. A sietségről  |c KÁNTOR Lajos 
695 |a politikai publicisztika 
695 |a közigazgatás 
695 |a magyarok (romániai) 
695 |a kisebbségi kérdés 
695 |a Románia 
695 |a PRUTEANU George 
773 0 |t A Hét. -  |g 35 sz., 1997, 9 p.